000 00730cam a2200253 i 4500
999 _c17252
_d17252
003 OSt
005 20190207121518.0
008 140726t20142014enkab b 001 0 eng
010 _a
020 _a9781780642031 (Hbk)
020 _a9781780644974 (Pbk)
040 _aSEKU
050 0 0 _aQH 541.15 .F73
_bG56
245 0 0 _aGlobal forest fragmentation /
_cedited by Chris J Kettle, and Lian Pin Koh
264 1 _aNosworthy way:
_bCABI,
_c2014.
300 _a177 p. :
_bill. ;
504 _aIncludes bibliographical references and index.
650 0 _aFragmented landscapes.
650 0 _aForest ecology.
650 0 _afragmented landscapes
700 1 _aKettle, Chris J.
700 1 _aKoh, Lian Pin,
942 _2lcc
_cGEN